Every country on the map (Oceania) - Statistics

General Stats
  • This quiz has been taken 37 times
  • The average score is 17 of 21
Answers on the Map
Answers color-coded by a green-red scale on the quiz's map according to % correct below.
 
Answer Stats
Answer Notes % Correct
Australia
97%
Fiji
97%
New Zealand
97%
Kiribati
94%
Papua New Guinea
94%
Samoa
94%
Nauru
90%
Vanuatu
90%
Marshall Islands
87%
Palau
87%
Micronesia
84%
Solomon Islands
84%
Tuvalu
84%
Tonga
77%
Indonesia ** Not technically in Oceania but on map**
74%
Malaysia ** Not in Oceania but on map**
71%
Timor-Leste ** Not technically in Oceania but on map**
71%
Brunei ** Not in Oceania but on map**
65%
Philippines ** Not in Oceania but on map**
52%
New Caledonia **Territory**
39%
French Polynesia **Territory**
35%
No matching quizzes found
Score Distribution
Percent of People with Each Score
Percentile by Number Answered
Your Score History
You have not taken this quiz